000
00301nam a22001457a 4500
008
210308b ||||| |||| 00| 0 eng d
020
_a
9780309100625
041
_a
eng
080
_a
91
082
_a
91
100
_a
42
101
_a
GJEO
245
_a
Extreme Waves
_c
Smith,B.C
942
_2
udc
_c
BK
999
_c
55975
_d
55975